000 00619cam a2200205 a 4500
020 _a9780073383828 (pbk.)
020 _a0073383821 (pbk.)
040 _cBTCTA
082 _a808 MCG 2013 A113 Or.
100 1 _aChannell, Carolyn E.
245 1 0 _aEngaging questions :
_ba guide to writing /
260 _aNew York :
_bMcGraw-Hill Companies,
_c2013.
300 _axxv, 540 p. :
_bill. ;
_c23 cm.
650 0 _aEnglish language
650 0 _aEnglish language
650 0 _aReport writing
700 1 _aCrusius, Timothy W.,
856 4 2 _uhttp://www.loc.gov/catdir/enhancements/fy1311/2011847705-d.html
942 _cEK
999 _c17405
_d17405